History Quiz

Random History or Politics Quiz

A Million Times for Prime Minister Quiz Stats

 Plays Quiz Updated Jun 9, 2017

Score 0/63 Timer 10:00
1 Play Today
Votes Political Leader % Correct
40,446,142Margaret Thatcher (1979, 1983, 1987)
96.2%
35,463,577Tony Blair (1997, 2001, 2005)
94.1%
28,862,832Winston Churchill (1945, 1950, 1951)
92.7%
22,003,263David Cameron (2010, 2015)
87.1%
13,667,213Theresa May (2017)
84.5%
8,606,517Gordon Brown (2010)
84.1%
23,693,665John Major (1992, 1997)
76.5%
60,340,318Harold Wilson (1964, 1966, 1970, 1974, 1974)
65.8%
12,874,985Jeremy Corbyn (2017)
64.4%
59,341,847Clement Attlee (1935, 1945, 1950, 1951, 1955)
62.5%
46,012,462Edward Heath (1966, 1970, 1974, 1974)
60.6%
11,532,218James Callaghan (1979)
52.9%
11,606,222Anthony Eden (1955)
52.7%
12,143,100Harold Macmillan (1959)
52.5%
3,421,377Benjamin Disraeli (1868, 1874, 1880)
52%
9,252,164Nick Clegg (2010, 2015)
51.7%
7,778,848David Lloyd George (1918, 1922, 1929)
50.5%
21,591,649Neil Kinnock (1987, 1992)
44.2%
9,344,328Ed Miliband (2015)
43.9%
8,350,733William Gladstone (1868, 1874, 1885, 1886, 1892)
43.5%
18,236,194James Ramsay MacDonald (1923, 1924, 1929, 1931, 1935)
42.5%
3,881,099Nigel Farage (2015)
42.1%
36,820,970Stanley Baldwin (1923, 1924, 1929, 1931, 1935)
41.7%
10,292,974Alec Douglas-Home (1964)
40.4%
8,457,164Michael Foot (1983)
40%
8,357,615William Hague (2001)
39.2%
15,775,290Herbert Asquith (1910, 1910, 1918, 1922, 1923, 1924)
39%
2,432,005 Nicola Sturgeon (2015, 2017)
36.5%
2,371,772Tim Farron (2017)
36%
11,241,941Paddy Ashdown (1992, 1997)
34.6%
8,784,915Michael Howard (2005)
34.4%
8,474,415Andrew Bonar Law (1918, 1922)
32.4%
Votes Political Leader % Correct
2,154,745Alex Salmond (1992, 1997, 2005, 2010)
32.1%
11,367,256Charles Kennedy (2001, 2005)
31.6%
7,832,916Robert Gascoyne-Cecil (1885, 1886, 1892, 1895, 1900)
26.5%
4,548,829Arthur Balfour (1906, 1910)
25.7%
12,744,183David Steel (1979, 1983, 1987)
25.4%
4,137,967Henry Campbell-Bannerman (1900, 1906)
23.9%
1,048,372Caroline Lucas (2005, 2010, 2017)
21.8%
1,226,153Gerry Adams (1987, 1992, 1997, 2001, 2005, 2010, 2015, 2017)
21.4%
13,524,005Jeremy Thorpe (1970, 1974, 1974)
21%
1,345,065Henry John Temple (1857, 1859, 1865)
20%
12,171,772Hugh Gaitskell (1959)
19.2%
3,160,530David Owen (1987)
18.7%
1,079,644Ian Paisley (1970, 1974, 1974, 1979, 1983, 1987, 1992, 1997, 2001, 2005)
17.5%
1,295,941Edward Smith-Stanley (1865)
17%
1,157,630Natalie Bennett (2015)
15.8%
1,042,101William Lamb (1835, 1837, 1841)
15.4%
1,765,266Archibald Primrose (1895)
14%
3,521,624Roy Jenkins (1983)
12.5%
7,067,500Jo Grimond (1959, 1964, 1966)
11.5%
6,517,596Arthur Henderson (1910, 1931)
9.5%
4,074,435Clement Davies (1950, 1951, 1955)
8.1%
2,177,938Archibald Sinclair (1945)
5.8%
4,076,665John Clynes (1922)
5.6%
2,253,530Spencer Cavendish (1880, 1886)
4.5%
1,546,313John Simon (1931, 1935)
4.2%
2,760,581Herbert Samuel (1931, 1935)
4.1%
2,171,230William Adamson (1918)
4.1%
2,283,257William Wolfe (1970, 1974, 1974, 1979)
3.4%
1,473,468James Craig (1922, 1923, 1924, 1929, 1931, 1935)
3.1%
1,874,283Basil Brooke (1945, 1950, 1951, 1955, 1959)
2.9%
2,249,294John Maclay (1950, 1951, 1955)
1.8%

You're not logged in!

Compare scores with friends on all Sporcle quizzes.
OR
Log In

Show Comments

Extras

Top Quizzes Today


Score Distribution

Your Account Isn't Verified!

In order to create a playlist on Sporcle, you need to verify the email address you used during registration. Go to your Sporcle Settings to finish the process.

Report this User

Report this user for behavior that violates our Community Guidelines.

Details: